Motor racing

Bibliographic Details
Main Author: Wood, Tim
Format: Book
Published: London : Franklin Watts , 1989
Series:My sport
Subjects:

MARC

LEADER 00000cam a2200000 7i4500
001 0000005463
002 000005905
005 20060128.0
020 |a 0863138268 
090 0 0 |a 796   |b WOO 
100 1 |a Wood, Tim 
245 1 0 |a Motor racing   |c Tim Wood 
260 |a London :   |b Franklin Watts ,   |c 1989 
300 |a 32p ;   |c 22cm. 
490 0 |a My sport 
650 0 0 |a Racing driver 
999 |a 016286   |b BUKU   |c JUNIOR BOOKS   |e PERPUSTAKAAN KOMUNITI PETALING JAYA